[Event "AUTO-OPEN-149"]
[Site "http://www.queenalice.com/game.php?id=30290"]
[Date "2005.9.25"]
[Round "1"]
[White "Chuck"]
[Black "KnigtyNight"]
[Result "1-0"]
[WhiteElo "1616"]
[BlackElo "1395"]

1. e4 c5 2. Nc3 Nc6 3. Bb5 Nf6 4. d3 g6 5. Bf4 Bg7 6. Nf3 e6 7. Ng5 O-O 8. e5
Nh5 9. Be3 Nxe5 10. Nce4 a6 11. Ba4 1-0

[Event "AUTO-OPEN-149"]
[Site "http://www.queenalice.com/game.php?id=30291"]
[Date "2005.9.25"]
[Round "1"]
[White "KnigtyNight"]
[Black "Chuck"]
[Result "0-1"]
[WhiteElo "1500"]
[BlackElo "1585"]

1. d4 d5 2. c4 Nf6 3. cxd5 Nxd5 4. e4 Nb6 5. Nc3 e6 6. Nf3 f5 7. Be2 Nc6 8. exf5
exf5 9. O-O Nd5 10. Nxd5 Qxd5 11. Re1 Be7 0-1

[Event "Challenge"]
[Site "http://www.queenalice.com/game.php?id=30320"]
[Date "2005.9.25"]
[Round "-"]
[White "Chuck"]
[Black "Edgar"]
[Result "1/2-1/2"]
[WhiteElo "1500"]
[BlackElo "1486"]

1. e4 e5 2. Bc4 Nf6 3. d3 Bb4+ 4. Bd2 Bc5 5. Nf3 Nc6 6. Nc3 O-O 7. Bg5 h6 8.
Bxf6 gxf6 9. Nd5 Bb6 10. Nh4 Na5 11. Nxb6 cxb6 12. Qg4+ Kh7 13. Bd5 d6 14. Nf5
Bxf5 15. Qxf5+ Kg7 16. O-O Nc6 17. Qg4+ Kh7 18. Qh5 Qd7 19. Rae1 Nb4 20. Bb3 a5
21. a4 d5 22. Re3 Rg8 23. Rh3 Rg6 24. exd5 Nxd5 25. Bxd5 Qxd5 26. c4 Qe6 27. Qf3
Qd7 28. g3 Rag8 29. Qe4 Re8 30. Rh5 Qc6 31. Re1 Qxe4 32. Rxe4 Rg5 33. Rxg5 fxg5
34. h4 f6 35. d4 Kg6 36. dxe5 fxe5 37. hxg5 hxg5 38. f4 Kf5 39. Rxe5+ 1/2-1/2

[Event "Challenge"]
[Site "http://www.queenalice.com/game.php?id=30525"]
[Date "2005.9.27"]
[Round "-"]
[White "Eloisio"]
[Black "Chuck"]
[Result "0-1"]
[WhiteElo "1438"]
[BlackElo "1495"]

1. h3 e5 2. d4 exd4 3. Qxd4 Nc6 4. Qe4+ Qe7 5. Qxe7+ Bxe7 6. c3 d5 7. Bf4 Nf6 8.
Bg5 Ne5 9. Nf3 Nxf3+ 10. exf3 Bd7 11. Bxf6 Bxf6 12. Na3 Bf5 13. Nb5 O-O 14. Nxc7
Rac8 15. Nxd5 Rfe8+ 16. Ne3 g6 17. g4 Bd7 18. Bd3 Bg5 19. O-O-O Bxe3+ 20. fxe3
Rxe3 21. Be4 Ba4 22. Rd3 Re2 23. Bxb7 Rb8 24. Ba6 Rc2+ 25. Kb1 Rbxb2+ 26. Ka1
Rxa2+ 27. Kb1 Rf2 28. c4 Bc6 29. Bb5 Rfb2+ 30. Kc1 Rf2 31. Bxc6 Ra1# 0-1

[Event "Challenge"]
[Site "http://www.queenalice.com/game.php?id=30820"]
[Date "2005.9.28"]
[Round "-"]
[White "Chuck"]
[Black "romie"]
[Result "1-0"]
[WhiteElo "1564"]
[BlackElo "1100"]

1. e4 c5 2. Bc4 d6 3. Qf3 Nf6 4. Ne2 e6 5. d3 d5 6. exd5 exd5 7. Bb5+ Nc6 8. Bf4
Bg4 9. Qe3+ Be7 10. c3 Qa5 11. Bxc6+ bxc6 12. Bd6 d4 13. Qxe7# 1-0

[Event "AUTO-ADV-91"]
[Site "http://www.queenalice.com/game.php?id=32965"]
[Date "2005.10.13"]
[Round "1"]
[White "pedrinhoIII"]
[Black "Chuck"]
[Result "0-1"]
[WhiteElo "1583"]
[BlackElo "1515"]

1. e4 e5 2. Qh5 Nf6 3. Qxe5+ Qe7 4. Qxc7 Qxe4+ 5. Ne2 Nc6 6. d3 Qf5 7. h3 Bc5 8.
Be3 Nd5 9. Qg3 Nxe3 10. fxe3 d5 11. Qxg7 Rf8 12. g4 Qe6 13. Qg5 Bxe3 14. Qf5 Qh6
15. Qf3 Nd4 16. Nxd4 Bxd4 17. Be2 f5 18. c3 Qc1+ 19. Bd1 Kf7 20. Qxd5+ Kg6 21.
cxd4 Re8+ 22. Kf2 Qe3+ 23. Kf1 fxg4 24. hxg4 Rf8+ 25. Kg2 Rf2+ 0-1

[Event "AUTO-ADV-91"]
[Site "http://www.queenalice.com/game.php?id=32966"]
[Date "2005.10.13"]
[Round "1"]
[White "Chuck"]
[Black "pedrinhoIII"]
[Result "0-1"]
[WhiteElo "1566"]
[BlackElo "1539"]

1. e4 e5 2. Bc4 Nc6 3. Qf3 Nf6 4. d3 Nd4 5. Qd1 Ng4 6. h3 Nh6 7. Qh5 Nxc2+ 8.
Kd1 Nxa1 9. Bxh6 Qe7 10. Bg5 g6 11. Qg4 f6 12. Bh4 g5 13. Bg3 d5 14. Bxd5 Bxg4+
15. hxg4 O-O-O 16. Nc3 c6 17. Bc4 b5 0-1

[Event "AUTO-ADV-91"]
[Site "http://www.queenalice.com/game.php?id=32979"]
[Date "2005.10.13"]
[Round "1"]
[White "Chuck"]
[Black "jbrcron"]
[Result "0-1"]
[WhiteElo "1531"]
[BlackElo "1597"]

1. e4 e5 2. Nf3 d6 3. Bc4 Bg4 4. d3 Nc6 5. Nc3 Nd4 6. h3 Bxf3 7. gxf3 Nf6 8. f4
exf4 9. Bxf4 Be7 10. Nd5 Nxd5 11. Bxd5 c6 12. c3 cxd5 13. cxd4 dxe4 14. dxe4 Rc8
15. Qg4 g6 16. Bh6 d5 17. e5 Rc2 18. O-O f5 19. exf6 Bxf6 20. Qe6+ Qe7 21. Qxd5
Bg7 22. Bxg7 Qxg7 23. Qe4+ Qe7 24. Qxc2 Qg5+ 25. Kh2 Qf4+ 26. Kg2 Qg5+ 27. Kf3
Rf8+ 28. Ke2 Qb5+ 29. Ke3 Qg5+ 30. f4 Qg3+ 31. Ke4 Qxh3 32. Kd5 Rf5+ 33. Kd6
Rf6+ 34. Kc7 Rc6+ 35. Qxc6+ bxc6 36. Rae1+ Kf7 37. Kxc6 Qc8+ 38. Kd6 Qb8+ 39.
Kd7 Qb5+ 40. Kd8 Qxb2 41. d5 Qb6+ 42. Kd7 Qb7+ 43. Kd6 h5 44. Re6 Qa6+ 45. Kd7
Qxf1 46. Re7+ Kf6 47. Re6+ Kf5 48. Ke7 Qa1 49. d6 Qg7+ 0-1

[Event "AUTO-ADV-91"]
[Site "http://www.queenalice.com/game.php?id=32980"]
[Date "2005.10.13"]
[Round "1"]
[White "jbrcron"]
[Black "Chuck"]
[Result "1-0"]
[WhiteElo "1500"]
[BlackElo "1642"]

1. e4 e5 2. Nf3 Nc6 3. Nc3 Bc5 4. d3 Nf6 5. Bg5 h6 6. Bxf6 Qxf6 7. Nd5 Qd6 8.
Nd2 b6 9. Nc4 Bxf2+ 10. Kxf2 Qc5+ 11. Ke1 Nd4 12. c3 Ne6 13. a4 O-O 14. b4 Qxd5
15. exd5 Ng5 16. h4 Nh7 17. Qd2 c6 18. dxc6 dxc6 19. Be2 Nf6 20. Nxe5 Be6 21.
Nxc6 a5 22. Bf3 Kh7 23. Ne7 axb4 24. cxb4 b5 25. Bxa8 Rxa8 26. a5 Ra6 27. Qf4
1-0

[Event "AUTO-ADV-91"]
[Site "http://www.queenalice.com/game.php?id=32981"]
[Date "2005.10.13"]
[Round "1"]
[White "Chuck"]
[Black "p3dr0"]
[Result "1-0"]
[WhiteElo "1633"]
[BlackElo "1347"]

1. e4 e5 2. Bc4 Nc6 3. Nc3 Na5 4. Qe2 Nf6 5. d3 d6 6. Bb3 Bg4 7. f3 Bh5 8. g4
Bg6 9. Nh3 c6 10. f4 exf4 11. Nxf4 d5 12. exd5+ Be7 13. Nxg6 hxg6 14. dxc6 bxc6
15. Qf3 Bb4 16. Bd2 O-O 17. a3 Bxc3 18. Bxc3 Re8+ 19. Kd2 Nb7 20. Qxc6 Qe7 21.
Rhe1 Qd8 22. Qxb7 Re7 23. Rxe7 Nxg4 24. Bxf7+ Kh7 25. Bxg6+ Kxg6 26. Rxg7+ Kh5
27. Qf7+ Kh4 28. Rxg4+ Kxg4 29. Rg1+ Kh3 30. Qh7+ Qh4 31. Rg3+ Kxh2 32. Qxh4#
1-0

[Event "AUTO-ADV-91"]
[Site "http://www.queenalice.com/game.php?id=32982"]
[Date "2005.10.13"]
[Round "1"]
[White "p3dr0"]
[Black "Chuck"]
[Result "0-1"]
[WhiteElo "1353"]
[BlackElo "1564"]

1. d4 d5 2. e3 Bf5 3. Nf3 Nf6 4. Ne5 e6 5. g4 Bg6 6. f3 Nc6 7. Bb5 Nd7 8. Nxc6
bxc6 9. Bxc6 Rb8 10. f4 Qh4+ 11. Ke2 Qxg4+ 12. Ke1 Qg2 13. Rf1 Bd6 14. Nc3 Rb6
15. Bxd7+ Kxd7 16. h4 Qg3+ 17. Rf2 Qxh4 18. Qe2 f6 19. Bd2 Rxb2 20. Na4 Rxc2 21.
Qd1 Bd3 22. Nc5+ Bxc5 23. dxc5 Qh1+ 24. Rf1 Qxf1# 0-1

[Event "AUTO-ADV-99"]
[Site "http://www.queenalice.com/game.php?id=36222"]
[Date "2005.11.3"]
[Round "1"]
[White "big2003"]
[Black "Chuck"]
[Result "1-0"]
[WhiteElo "1626"]
[BlackElo "1541"]

1. c4 c5 2. Nc3 e5 3. e4 Nf6 4. d3 Nc6 5. Nf3 d6 6. Be2 Nd4 7. Bg5 h6 8. Bxf6
gxf6 9. Nxd4 Qa5 10. Nb3 Qb4 11. O-O Qb6 12. Nd5 Qd8 13. Bg4 Bxg4 14. Qxg4 h5
15. Qf5 Rh6 16. f4 h4 17. Ne3 h3 18. g3 b5 19. Ng4 Rg6 20. fxe5 fxe5 21. Qxf7#
1-0

[Event "AUTO-ADV-99"]
[Site "http://www.queenalice.com/game.php?id=36223"]
[Date "2005.11.3"]
[Round "1"]
[White "Chuck"]
[Black "big2003"]
[Result "0-1"]
[WhiteElo "1546"]
[BlackElo "1644"]

1. e4 e5 2. Nf3 Nc6 3. Bc4 Bc5 4. Nc3 Nf6 5. d4 exd4 6. Nd5 O-O 7. c3 dxc3 8.
bxc3 Nxe4 9. Be3 Bxe3 10. fxe3 d6 11. O-O Bg4 12. h3 Bxf3 13. Rxf3 Ne5 14. Rf4
Nc5 15. Be2 c6 16. Nb4 Ne6 17. Re4 f5 18. Rh4 Qxh4 19. Qxd6 Ng5 20. Qxe5 Rae8
21. Bc4+ Kh8 22. Qc5 Nxh3+ 23. gxh3 Qxh3 24. Re1 Rf6 25. Qxa7 Rg6+ 0-1

[Event "AUTO-ADV-99"]
[Site "http://www.queenalice.com/game.php?id=36234"]
[Date "2005.11.3"]
[Round "1"]
[White "tewald"]
[Black "Chuck"]
[Result "1-0"]
[WhiteElo "1724"]
[BlackElo "1600"]

1. d4 d5 2. c4 c6 3. Nc3 Nf6 4. cxd5 cxd5 5. g3 Bf5 6. Bg2 e6 7. Nf3 Nc6 8. e3
Nb4 9. Qa4+ Qd7 10. Qxd7+ Nxd7 11. O-O Nc2 12. Rb1 Bd3 13. Rd1 Nb4 14. Ra1 Bf5
15. Bd2 Nf6 16. a4 Bd6 17. Nb5 Rd8 18. Nxd6+ Rxd6 19. Bxb4 Rb6 20. Bc5 Rxb2 21.
Rdc1 Nd7 22. Ba3 Rc2 23. g4 Bd3 24. Rxc2 Bxc2 25. Rc1 f6 26. Rxc2 Kf7 27. Rc7
Rd8 28. Rxb7 g5 29. Rxa7 Kg6 30. Be7 Rc8 31. Rxd7 Rc1+ 32. Bf1 f5 33. Ne5+ Kg7
34. Ba3+ Kg8 35. Bxc1 fxg4 36. Nxg4 h5 37. Nf6+ Kf8 38. Ba3# 1-0

[Event "AUTO-ADV-99"]
[Site "http://www.queenalice.com/game.php?id=36235"]
[Date "2005.11.3"]
[Round "1"]
[White "Chuck"]
[Black "tewald"]
[Result "1/2-1/2"]
[WhiteElo "1581"]
[BlackElo "1813"]

1. e4 e5 2. Nf3 Nc6 3. Bc4 Bc5 4. Nc3 Nf6 5. Ng5 O-O 6. d3 a6 7. a4 b6 8. Nd5
Ne7 9. Nxf6+ gxf6 10. Nh3 d5 11. exd5 Nxd5 12. Bh6 Re8 13. Qf3 Nf4 14. Nxf4
exf4+ 15. Kd2 Bf8 16. Qxf4 Bxh6 17. Qxh6 Be6 18. Bxe6 Rxe6 19. Rae1 Qf8 20. Qh3
Rae8 21. Qg3+ Kh8 22. Qxc7 Rxe1 23. Rxe1 Qh6+ 24. Kd1 Rxe1+ 25. Kxe1 Qc1+ 26.
Ke2 Kg7 27. b4 b5 28. axb5 axb5 29. c4 Qc2+ 30. Ke3 Qc1+ 31. Kd4 Qb2+ 32. Ke4
bxc4 33. Qxc4 Qxf2 34. b5 Qxg2+ 35. Ke3 Qh3+ 36. Kd2 Qxh2+ 37. Kc3 h5 38. b6 Qg3
39. b7 Qe5+ 40. d4 Qe1+ 41. Kb2 Qd2+ 42. Qc2 Qxd4+ 43. Qc3 Qb6+ 44. Qb3 Qf2+ 45.
Kc3 Qf3+ 1/2-1/2

[Event "AUTO-ADV-99"]
[Site "http://www.queenalice.com/game.php?id=36240"]
[Date "2005.11.3"]
[Round "1"]
[White "Shusen"]
[Black "Chuck"]
[Result "0-1"]
[WhiteElo "1542"]
[BlackElo "1524"]

1. e3 c5 2. c4 Nc6 3. Nf3 d6 4. h3 e5 5. Nc3 Nf6 6. Be2 Bf5 7. b3 Ne4 8. d3 Nxc3
9. Qc2 Nxe2 10. Qxe2 Nb4 11. O-O Bxd3 12. Qd2 Bxf1 13. Kxf1 g6 14. Ba3 e4 15.
Bxb4 cxb4 16. Nd4 Bg7 17. Rd1 a5 18. Nb5 O-O 19. Qd5 Rb8 20. Qxe4 Re8 21. Qd5
Re5 22. Qf3 Bf8 23. e4 Qb6 24. Qf4 f5 25. Nd4 Rxe4 26. Qd2 Rxd4 27. Qe2 Rxd1+
28. Qxd1 Re8 29. Qd5+ Kg7 30. h4 Re5 31. c5 Qb5+ 32. Qc4 Qxc4+ 33. bxc4 Rxc5 0-1

[Event "AUTO-ADV-99"]
[Site "http://www.queenalice.com/game.php?id=36241"]
[Date "2005.11.3"]
[Round "1"]
[White "Chuck"]
[Black "Shusen"]
[Result "0-1"]
[WhiteElo "1596"]
[BlackElo "1516"]

1. e4 e6 2. c4 b6 3. Nf3 Bb7 4. d3 Bc5 5. Qe2 Nc6 6. Be3 Be7 7. Nc3 Nf6 8. d4
Bb4 9. a3 Bxc3+ 10. bxc3 O-O 11. Bf4 d6 12. d5 Na5 13. dxe6 fxe6 14. Ng5 Qe7 15.
e5 dxe5 16. Bxe5 Nb3 17. Rb1 Qxa3 18. g3 Bxh1 19. f3 Nc5 20. Bxc7 Qxc3+ 21. Kd1
Na6 22. Be5 Rad8+ 23. Qd2 Qxd2# 0-1